000 00638nam a2200217 i 4500
001 124653
003 ES-MaACL
005 20250813062638.0
007 t|
008 070413s1929 sp af |||| | spa d
080 _a58/59(28)
100 1 _aArévalo y Carretero, Celso.
_922669
245 1 3 _aLa vida en las aguas dulces /
_cCelso Arévalo.
260 _aBarcelona :
_bLabor,
_c[1929]
300 _a198 p., I-IV p. de lám. :
_bil. ;
_c17 cm.
490 1 _aColección Labor ;
_v197
650 0 4 _aBiología de agua dulce.
_910587
830 0 0 _aColección Labor
_v197
_9184254
852 _aES-MaACL
_jE-2713
999 _c124653
_d124653